| 000 | 00476nam a2200193Ia 4500 | ||
|---|---|---|---|
| 003 | GCL | ||
| 008 | 140319s9999 xx 000 0 eng d | ||
| 040 |
_aGCL / _cGCL |
||
| 082 | 0 | 4 |
_a843 _bI A |
| 100 | 1 | _aSONALLAH, IBRAHIM | |
| 245 | 1 | 0 |
_aLES ANNEES DE ZETH / _cSONALLAH, IBRAHIM |
| 260 |
_a[S.N] : _bACTES SUD ، _c1993 |
||
| 300 | _a347 P | ||
| 650 | 0 | 4 | _aLITERATURE |
| 650 | 0 | 4 | _aFICTION |
| 650 | 0 | 4 | _aFRENCH FICTION |
| 650 | 0 | 4 | _aFRENCH LITERATURE |
| 942 |
_2ddc _cBK |
||
| 999 |
_c14163 _d14163 |
||